| 000 | 00681nam a22002172 4500 | ||
|---|---|---|---|
| 001 | 0000004459 | ||
| 005 | 20151217145809.0 | ||
| 008 | 070523s xx 000 0 eng d | ||
| 020 |
_a0340544406 : _cGBP 29.99 |
||
| 040 |
_aKABU _cKABU |
||
| 050 | 0 |
_aQA162 _b.A45 1991 |
|
| 100 | 1 |
_aAllenby, R. B. J. T. _@0000154955 |
|
| 245 | 1 | 0 |
_aRings, fields and groups : _ban introduction to abstract algebra / _cR. B. J. T. Allenby. |
| 250 | _a2nd ed. | ||
| 260 |
_aOxford : _bButterworth Heinemann, _c1991. |
||
| 300 |
_axxvi, 383 p. ; _c24 cm. |
||
| 650 | 0 |
_aAlgebra, Abstract. _@0000155040 |
|
| 908 | _a070523 | ||
| 950 | _@1 | ||
| 999 |
_c2701 _d2701 |
||